000 01049cam a22002891 4500
001 2647487
003 OSt
005 20231207152611.0
008 700820s1968 nyuab b 000 0 eng
010 _a 68010737
020 _a9789389109344
040 _aDLC
_cDLC
_dDLC
043 _aa-ii---
050 0 0 _aDS425
_b.B33 1968
082 0 0 _a913.3403
_bBAS/W
100 _aBasham, A L
_q(Arthur Llewellyn)
_93038
245 1 4 _aThe wonder that was India; Volume one
_ba survey of the history and culture of the Indian sub-continent before the coming of the Muslims
_c[by] A. L. Basham.
250 _a3d rev. ed.
260 _aNew York,
_bTaplinger Pub. Co.
_c[1968]
300 _axxiii, 572 p.
_billus. (part col.), maps.
_c24 cm.
504 _aBibliography: p. 518-543.
651 0 _aIndia
_xCivilization
_yTo 1200.
651 0 _aIndia
_xHistory
_yTo 324 B.C.
651 0 _aIndia
_xHistory
_y324 B.C.-1000 A.D.
906 _a7
_bcbc
_corignew
_du
_encip
_f19
_gy-gencatlg
942 _2ddc
_cBK
_h913.3403
_iBAS/W
_k913.3403
_mBAS/W
999 _c43724
_d43724